Statistics for Airlines by Tail

Click here to take the quiz!

General Stats

  • This quiz has been taken 55 times
  • The average score is 12 of 20

Answer Stats

Answer% Correct
Lufthansa
98%
KLM
94%
All Nippon Airways
92%
Delta Air Lines
90%
American Airlines
88%
United Airlines
88%
Ryanair
86%
Air France
84%
British Airways
80%
Iberia
73%
Eurowings
51%
Wizz Air
45%
Croatia Airlines
41%
Vueling
39%
Brussels Airlines
33%
Buzz
33%
Norwegian
31%
Air Serbia
22%
Volotea
22%
LOT
18%

Score Distribution

Percentile by Number Answered

Percent of People with Each Score

Your Score History

You have not taken this quiz